| 000 | 00377nam a22001457a 4500 | ||
|---|---|---|---|
| 082 | _a658 pea | ||
| 100 | _aPearce, J.A | ||
| 245 | _aStrategic Management | ||
| 250 | _a3 ED | ||
| 260 |
_aDelhi _bRCHARD D IRWIN ,INC _c1988 |
||
| 300 | _axxiv, 987 p. : Ill. ; 22cm | ||
| 500 | _aIncluding Bibliographical References and Index | ||
| 650 | _aRichard B Robison, Jr | ||
| 942 | _cBK | ||
| 999 |
_c20479 _d20479 |
||